00801nam a2200181 a 450000100100000000500170001000800410002702000150006804000250008310000330010824501240014126000390026530000210030450000730032559000260039895201780042499900170060200003317220200930070056.0110818s1984 dr 000 0 spa d a843590377X aDO-SdBNPbspacBNPHU1 aColón Zayas, Eliseo92273510aLiteratura del Caribe antología :bsiglos XIX y XX Puerto Rico, Cuba, República Dominicana /cEliseo Colón Zayas. aMadrid :bEditorial Playor,c1984. a418 p. ;c23 cm. aIncluye referencias bibliográficas y notas al pie de las páginas aInventariado, 2019/VM 0010718PDaPDbPDcCTd2011-08-18iLF1l0o p33172-10r2020-06-25w2020-06-25yLFPDzPerteneció a la biblioteca personal de Aída Cartagena Portalatín.ZNo se presta c32663d32663